Celosvetové indexy konkurencieschopnosti

Dôsledky súčasnej ekonomickej internacionalizácie. Svetové indexy konkurencieschopnosti. Index celosvetovej konkurencieschopnosti (WCI), Index rastu konkurencieschopnosti (GCI), Index súčasnej konkurencieschopnosti (CCI). Konkurencieschopnosť ako kritérium pre hodnotenie pripravenosti krajiny na vst...

Ausführliche Beschreibung

Gespeichert in:
Bibliographische Detailangaben
1. Verfasser: Vokorokosová, Renáta, 1967-
Format: Buchkapitel
Sprache:Slowakisch
Schlagworte:
Tags: Tag hinzufügen
Keine Tags, Fügen Sie das erste Tag hinzu!

MARC

LEADER 00000naa$a2200000$$$4500
001 0008130
005 20230825102831.3
041 0 |a slo 
044 |a SK 
245 1 0 |a Celosvetové indexy konkurencieschopnosti  |c aut. Renáta Vokorokosová 
520 |a Dôsledky súčasnej ekonomickej internacionalizácie. Svetové indexy konkurencieschopnosti. Index celosvetovej konkurencieschopnosti (WCI), Index rastu konkurencieschopnosti (GCI), Index súčasnej konkurencieschopnosti (CCI). Konkurencieschopnosť ako kritérium pre hodnotenie pripravenosti krajiny na vstup do EÚ. 
610 2 0 |a konkurencieschopnosť 
610 2 0 |a trh svetový 
610 2 0 |a indexy 
610 2 0 |a Európska únia 
610 2 0 |a ukazovatele 
100 1 |a Vokorokosová, Renáta, 1967-